Statistical Analysis of the Effects of Selected Factors on Household Poverty in the Slovak Republic Using EU SILC 2006 Data

Analýza sociálnej situácie domácností Slovenskej republiky. Zdroje údajov, predmet a cieľ analýzy. Logistický regresný model. Štatistické zisťovanie založené na EU SILC 2006.

Saved in:
Bibliographic Details
Main Author: Labudová, Viera, 1958-
Other Authors: Šoltés, Erik, 1974-
Format: Book Chapter
Language:English
Subjects:
Tags: Add Tag
No Tags, Be the first to tag this record!

MARC

LEADER 00000naa$a2200000$$$4500
001 0095126
005 20240502083241.1
041 0 |a eng 
044 |a PL 
245 1 0 |a Statistical Analysis of the Effects of Selected Factors on Household Poverty in the Slovak Republic Using EU SILC 2006 Data  |c Viera Labudová, Erik Šoltés 
520 |a Analýza sociálnej situácie domácností Slovenskej republiky. Zdroje údajov, predmet a cieľ analýzy. Logistický regresný model. Štatistické zisťovanie založené na EU SILC 2006. 
610 2 0 |a chudoba 
610 2 0 |a domácnosti 
610 2 0 |a analýza štatistická 
610 2 0 |a modely logistické 
610 2 0 |a modely regresné 
610 2 0 |a údaje štatistické 
610 2 0 |a Slovensko 
100 1 |a Labudová, Viera, 1958- 
700 1 |a Šoltés, Erik, 1974-